Etap 1 - Europa - Statystyki

Ogólne statystyki
  • Ten quiz został rozwiązany 193 razy
    113 od ostatniego zresetowania
  • Średni wynik to 39 z 51
Statystyki odpowiedzi
Obrazkowy Odpowiedź % Poprawnych
Estonia
85%
Albania
83%
Malta
83%
Rosja
83%
Watykan
83%
Wielka Brytania
83%
Bośnia i Hercegowina
81%
Chorwacja
81%
Francja
81%
Grecja
81%
Hiszpania
81%
Niemcy
81%
Polska
81%
Portugalia
81%
Ukraina
81%
Włochy
81%
Belgia
79%
Białoruś
79%
Czechy
79%
Dania
79%
Finlandia
79%
Norwegia
79%
Słowacja
79%
Szwecja
79%
Turcja
79%
Cypr
77%
Irlandia
77%
Islandia
77%
Łotwa
77%
Macedonia Północna
77%
Rumunia
77%
Słowenia
77%
Szwajcaria
77%
Bułgaria
75%
Kosowo
75%
Serbia
75%
Austria
73%
Litwa
73%
Mołdawia
73%
Monako
73%
Węgry
73%
Andora
71%
Czarnogóra
71%
Gruzja
71%
Liechtenstein
71%
Luksemburg
71%
San Marino
71%
Armenia
67%
Azerbejdżan
67%
Grenlandia
52%
Niderlandy
46%
Nie znaleziono quizów pasujących do podanych kryteriów
Rozkład punktacji
Procent ludzi z każdym wynikiem
Percentyl według liczby udzielonych odpowiedzi
Twoja historia wyników
Nie rozwiązałeś tego quizu od ostatniego zresetowania